IBPS Institute of Banking Personal Selection: (Record no. 196587)

MARC details
000 -LEADER
fixed length control field 00557nam a2200181 4500
005 - DATE AND TIME OF LATEST TRANSACTION
control field 20230817125830.0
010 ## - LCCN (DPL NO)
LC control number ENG-137428
020 ## - INTERNATIONAL STANDARD BOOK NUMBER
Terms of availability 220.00
International Standard Book Number 9789352836062
035 ## - SYSTEM CONTROL NUMBER
System control number EN-120960
037 ## - SOURCE OF ACQUISITION
Source of stock number/acquisition DBAD/PUB
082 ## - DEWEY DECIMAL CLASSIFICATION NUMBER
Classification number 000
100 ## - MAIN ENTRY--PERSONAL NAME
Personal name CHAND, S
245 ## - TITLE STATEMENT
Title IBPS Institute of Banking Personal Selection:
Remainder of title CRP-CLERK-VIII Online Preliminary Examination /
Statement of responsibility, etc S. CHAND
260 ## - PUBLICATION, DISTRIBUTION, ETC. (IMPRINT)
Place of publication, distribution, etc DELHI
Name of publisher, distributor, etc S. CHAND
Date of publication, distribution, etc 2018
270 ## - ADDRESS
Address 7361, RAM NAGAR, QUTAB ROAD
City NEW DELHI
Postal code 110055
300 ## - PHYSICAL DESCRIPTION
Extent 320p.
Dimensions 27cm(pbk)
942 ## - ADDED ENTRY ELEMENTS (KOHA)
Source of classification or shelving scheme Dewey Decimal Classification
Item type English Books
Classification part 000
Call number suffix CHA
Holdings
Withdrawn status Lost status Not for loan Collection code Home library Current library Date acquired Source of acquisition Cost, normal purchase price Full call number Barcode Copy number Cost, replacement price Koha item type
    Not For Loan Non-fiction D.B.Act.Division D.B.Act.Division 17/07/2023 DBAD/PUB 220.00 000 CHA EN-120960 1 220.00 English Books

© Delhi Public Library
Hit Counter
free hit counter